人口30万人以上の市区(サドンデス) - Statistics

General Stats
  • This quiz has been taken 201 times
  • The average score is 4 of 12
Answers on the Grid
Answers color-coded by a green-red scale on the quiz's grid according to % correct below.
旭川市
秋田市
郡山市
前橋市
目黒区
豊島区
新宿区
市原市
長岡市
春日井市
四日市市
茨木市
高槻市
明石市
和歌山市
下関市
高知市
久留米市
宮崎市
那覇市
 
Answer Stats
Answer % Correct
旭川市
64%
前橋市
53%
郡山市
51%
宮崎市
36%
新宿区
34%
春日井市
33%
高槻市
33%
那覇市
33%
和歌山市
31%
明石市
29%
豊島区
23%
高知市
21%
No matching quizzes found
Score Distribution
Percent of People with Each Score
Percentile by Number Answered
Your Score History
You have not taken this quiz